000
00297nam a22001337a 4500
008
171030b xxu||||| |||| 00| 0 eng d
020
_a
9780130278753
041
_a
eng
080
_2
6 ED
_a
336
100
_a
56
101
_a
FIN
245
_a
FINANCIAL STATEMENTS
_c
FRASER.L.M
942
_2
udc
_c
BK
999
_c
36299
_d
36299